Maribel y la extraña familia / (Registro nro. 12704)

Detalles MARC
000 -LIDER
fixed length control field 00730nam a22002417a 4500
003 - IDENTIFICACDOR DE NÚMERO DE CONTROL
control field DO-SdBNP
005 - DATE AND TIME OF LATEST TRANSACTION
control field 20171208135437.0
008 - ELEMENTOS DE LONGITUD FIJA
fixed length control field 171027b 1992||||| |||| 00| 0 spa d
020 ## - ISBN
International Standard Book Number 9788423919239
040 ## - FUENTE DE CATALOGACIÓN
Agencia que crea de manera original el registro BPMSU
Idioma de catalogación spa
Agencia que realiza la transcripción BPMSU
100 1# - ASIENTO PRINCIPAL -- NOMBRE PERSONAL
Nombre personal Mihura, Miguel
245 1# - MENCIÓN DE TITULO
Título Maribel y la extraña familia /
Mención de responsabilidad Miguel Mihura ; introducción Emilio de Miguel Martínez
250 ## - MENCIÓN DE EDICION
Mención de edición 13a ed.
260 ## - PUBLICACIÓN, DISTRIBUCIÓN, ETC. (PIE DE IMPRENTA)
Lugar de publicación, distribución, etc Madrid :
Nombre del editor, distribuidor, etc. Espasa-Calpe ;
Fecha de publicación, distribución, etc 1992.
300 ## - DESCRIPCIÓN FÍSICA
Extensión 173 p. ;
Dimensiones 18 cm.
490 1# - MENCIÓN DE SERIES
Mención de serie Austral
Volume/sequential designation 123
504 ## - NOTA DE BIBLIOGRAFÍA, ETC.
Bibliography, etc Bibliografías : p. 57-58
700 1# - ASIENTO SECUNDARIO -- NOMBRE PERSONAL
Nombre personal Martínez, Emilio de Miguel,
Materiales especificados intr.
830 #0 - ASIENTO SECUNDARIO DE SERIE--TÍTULO UNIFORME
Título uniforme Astral
Número de la parte o sección de una obra 123
942 ## - ADDED ENTRY ELEMENTS (KOHA)
Source of classification or shelving scheme Dewey Decimal Classification
Koha item type Libros
945 ## - INFORMACIÓN DE PROCESAMIENTO LOCAL
Información de procesamiento local Inventariado extranjero / 2017 YL
956 ## - LOCAL ELECTRONIC LOCATION AND ACCESS (OCLC)
Nombre de host BTAVAREZ
Número de acceso 10
Información de compresión 20172710
Trayectoria 10
Existencias
Withdrawn status Lost status Source of classification or shelving scheme Damaged status Not for loan Collection code Home library Current library Date acquired Source of acquisition Total Checkouts Barcode Date last seen Price effective from Koha item type
    Dewey Decimal Classification     Colección General Biblioteca Pública Metropolitana Salomé Ureña Biblioteca Pública Metropolitana Salomé Ureña 10/27/2017 FUNDI   BPMSU17100161 10/27/2017 10/27/2017 Libros